El gran arte en la pintura: el renacimiento
Збережено в:
| Автори: | , , , , , , , , , , |
|---|---|
| Формат: | Книга |
| Мова: | Іспанська |
| Опубліковано: |
Barcelona
Salvat
1987
|
| Предмети: | |
| Теги: |
Додати тег
Немає тегів, Будьте першим, хто поставить тег для цього запису!
|
MARC
| LEADER | 00000nam a2200000 a 4500 | ||
|---|---|---|---|
| 001 | UCH8111 | ||
| 003 | CL-VaPUC | ||
| 008 | 091127e19870000SP |||||||||||||||||spa|d | ||
| 020 | |a 8434546612 | ||
| 020 | |a 8434546671 v. 6 | ||
| 020 | |a 843454668X v.7 | ||
| 020 | |a 8434546698 v.8 | ||
| 020 | |a 8434546701 v.9 | ||
| 020 | |a 843454671X v.10 | ||
| 082 | 0 | 4 | |a 759 |b BAL |2 21 |
| 100 | 0 | |a Balsach, Maria Josep |e author |9 544534 | |
| 700 | 0 | |a Bassegoda i Hugas, Bonaventura |e author |9 544535 | |
| 700 | 0 | |a Bracons, José |e author |9 544536 | |
| 700 | 0 | |a Camps, Teresa |e author |9 544537 | |
| 700 | 0 | |a Carbonell, Eduardo |e author |9 544538 | |
| 700 | 0 | |a Carbonell, Mariano |e author |9 544539 | |
| 700 | 0 | |a Cirlot, Lourdes |e author |9 544540 | |
| 700 | 0 | |a Maestre, Vicente |e author |9 544541 | |
| 700 | 0 | |a Magadán, María Teresa |e author |9 544542 | |
| 700 | 0 | |a Rauret, Ana M |e author |9 544543 | |
| 700 | 0 | |a Yarza, Joaquín |e author |9 544544 | |
| 245 | 1 | 3 | |a El gran arte en la pintura: el renacimiento |
| 300 | |a v | ||
| 942 | |c BK | ||
| 945 | |d 20091127 00:00:00 |a ccalabra | ||
| 260 | |a Barcelona |b Salvat |c 1987 | ||
| 650 | 0 | |a Artes |9 268202 | |
| 650 | 0 | |a Artes plásticas |9 268637 | |
| 650 | 7 | |a RENACENTISTA |2 CL-VaPUC |9 544545 | |
| 650 | 0 | |a Artistas |9 262026 | |
| 650 | 0 | |a Historia del arte |9 314877 | |
| 583 | |a last modification |c 20180102 06:25:36 |k Rodrigo Vera | ||
| 999 | |c 338354 |d 338352 | ||